000 00475nam a2200181Ia 4500
003 GCL
008 140319s9999 xx 000 0 eng d
040 _aGCL /
_cGCL
082 0 4 _a843
_bM B
100 1 _aMORAND, POUL
245 1 0 _aBOUDDHA VIVANT: CHRONIQUE DU XX SICCLE /
_cMORAND, POUL
260 _a[S.N] :
_bBERNARD GRASSET ،
_c1990
300 _a200 P
490 _aLES CAHIERS ROUGES
_v0
650 0 4 _aLITERATURE
650 0 4 _aFRENCH LITERATURE
942 _2ddc
_cBK
999 _c21509
_d21509